Piloter des entreprises virtuelles (notice n° 1668129)

détails MARC
000 -LEADER
fixed length control field 01292cam a2200169 4500500
005 - DATE AND TIME OF LATEST TRANSACTION
control field 20260222004202.0
041 ## - LANGUAGE CODE
Language code of text/sound track or separate title fre
042 ## - AUTHENTICATION CODE
Authentication code dc
100 10 - MAIN ENTRY--PERSONAL NAME
Personal name Fulconis, François
Relator term author
245 00 - TITLE STATEMENT
Title Piloter des entreprises virtuelles
260 ## - PUBLICATION, DISTRIBUTION, ETC.
Date of publication, distribution, etc. 2005.<br/>
500 ## - GENERAL NOTE
General note 42
520 ## - SUMMARY, ETC.
Summary, etc. À l’opposé de l’image de simples opérateurs de transport qui leur est parfois associée, certains PSL ont su développer un métier d’ensemblier capable de prendre en charge une large palette d’opérations logistiques et paraindustrielles pour de multiples clients. Loin d’être démunis face à l’émergence des entreprises dites virtuelles, ils leur apportent une compétence de gestion des interfaces qui participe activement à la mise à disposition des produits dans les meilleures conditions de coût, de délai et de qualité de service. L’article explore cette réalité organisationnelle en soulignant comment certains PSL d’entreprises virtuelles, pourraient gravir une nouvelle marche en devenant, à terme, leur véritable pilote.
700 10 - ADDED ENTRY--PERSONAL NAME
Personal name Paché, Gilles
Relator term author
786 0# - DATA SOURCE ENTRY
Note Revue française de gestion | 156 | 3 | 2005-06-01 | p. 167-186 | 0338-4551
856 41 - ELECTRONIC LOCATION AND ACCESS
Uniform Resource Identifier <a href="https://shs.cairn.info/revue-francaise-de-gestion-2005-3-page-167?lang=fr&redirect-ssocas=7080">https://shs.cairn.info/revue-francaise-de-gestion-2005-3-page-167?lang=fr&redirect-ssocas=7080</a>

Pas d'exemplaire disponible.

PLUDOC

PLUDOC est la plateforme unique et centralisée de gestion des bibliothèques physiques et numériques de Guinée administré par le CEDUST. Elle est la plus grande base de données de ressources documentaires pour les Étudiants, Enseignants chercheurs et Chercheurs de Guinée.

Adresse

627 919 101/664 919 101

25 boulevard du commerce
Kaloum, Conakry, Guinée

Réseaux sociaux

Powered by Netsen Group @ 2025